Dual purpose vulcanization activator for natural rubber (Record no. 57413)

MARC details
000 -LEADER
fixed length control field 00400nam a2200133Ia 4500
100 ## - MAIN ENTRY--AUTHOR NAME
Personal name Fernando W S E
245 #0 - TITLE STATEMENT
Title Dual purpose vulcanization activator for natural rubber
260 ## - PUBLICATION, DISTRIBUTION, ETC. (IMPRINT)
Name of publisher Journal of the Rubber Research Institute of Sri Lanka
Year of publication 1981
300 ## - PHYSICAL DESCRIPTION
Number of Pages Nov-31
650 ## - SUBJECT ADDED ENTRY--TOPICAL TERM
Topical Term Natural rubber
650 ## - SUBJECT ADDED ENTRY--TOPICAL TERM
Topical Term Vulcanization activator
942 ## - ADDED ENTRY ELEMENTS (KOHA)
Koha item type Journals
Holdings
Withdrawn status Lost status Damaged status Not for loan Home library Current library Shelving location Date acquired Serial Enumeration / chronology Koha item type
      Journals RRII Library RRII Library Rubber chemistry 17/12/2021 Volume 58, Issue Journals